[Event "Znojemska rotunda 2003"]
[Site "?"]
[Date "????.??.??"]
[Round "5"]
[White "Kulovana, Eva"]
[Black "Mlensky, Dalibor"]
[Result "1/2-1/2"]
[WhiteElo "2039"]
[BlackElo "2085"]
[PlyCount "36"]

1. e4 d5 2. exd5 Qxd5 3. Nc3 Qa5 4. Bc4 Nf6 5. d4 Bg4 6. f3 Bf5 7. Nge2 e6 8.
Bf4 Bd6 9. Qd2 h5 10. O-O-O Nbd7 11. Kb1 Bxf4 12. Nxf4 O-O-O 13. Qe2 c6 14. Bb3
Nd5 15. Ncxd5 exd5 16. Qf2 Qc7 17. g3 h4 18. Ng2 hxg3 1/2-1/2

[Event "Znojemska rotunda 2003"]
[Site "?"]
[Date "????.??.??"]
[Round "5"]
[White "Kosik, Jaroslav"]
[Black "Antos, Jakub"]
[Result "0-1"]
[WhiteElo "1422"]
[BlackElo "1751"]
[PlyCount "41"]

1. e4 e5 2. Nf3 Nc6 3. d4 exd4 4. Nxd4 Bc5 5. Be3 Bb6 6. Bc4 Nf6 7. f3 O-O 8.
O-O d5 9. exd5 Nxd5 10. Bxd5 Qxd5 11. c3 Re8 12. Bf2 Qg5 13. Qd2 Qg6 14. Nxc6
bxc6 15. Bxb6 cxb6 16. Qf2 Ba6 17. Re1 Rxe1+ 18. Qxe1 f5 19. Qd1 Re8 20. Nd2
Re2 21. g3 0-1

[Event "Znojemska rotunda 2003"]
[Site "?"]
[Date "????.??.??"]
[Round "5"]
[White "Havel, Vojtech"]
[Black "Stanek, Petr"]
[Result "0-1"]
[WhiteElo "1364"]
[BlackElo "1780"]
[PlyCount "40"]

1. d4 d5 2. c4 e6 3. Nf3 Nf6 4. Bf4 c6 5. Nc3 Nbd7 6. e3 Be7 7. Bd3 dxc4 8.
Bxc4 b5 9. Bd3 Bb7 10. O-O O-O 11. e4 b4 12. Ne2 c5 13. a3 Nxe4 14. Qc2 Ndf6
15. dxc5 Nxc5 16. axb4 Qxd3 17. Qxd3 Nxd3 18. Nfd4 Nxf4 19. Nxf4 Bxb4 20. Rfd1
Rfd8 0-1

[Event "Znojemska rotunda 2003"]
[Site "?"]
[Date "????.??.??"]
[Round "5"]
[White "Doxansky, Josef"]
[Black "Spilka, Jaroslav"]
[Result "1-0"]
[WhiteElo "1826"]
[BlackElo "1388"]
[PlyCount "69"]

1. e4 c5 2. Nc3 e6 3. Nf3 Nc6 4. d4 d5 5. Bb5 Nge7 6. dxc5 a6 7. Ba4 b5 8. cxb6
Qxb6 9. exd5 exd5 10. Nxd5 Nxd5 11. Qxd5 Bd7 12. O-O Be7 13. Ne5 Nxe5 14. Qxa8+
Bd8 15. Bxd7+ Kxd7 16. Qd5+ Qd6 17. Qxd6+ Kxd6 18. Bf4 f6 19. Rad1+ Ke6 20.
Bxe5 fxe5 21. Rfe1 Bf6 22. Re2 g5 23. Red2 Be7 24. Rd7 Bc5 25. Rc7 Bd6 26. Rc6
Rd8 27. Rxa6 h5 28. c4 Ke7 29. Rdxd6 Rxd6 30. Rxd6 Kxd6 31. Kf1 Kc5 32. b3 e4
33. Ke2 Kd4 34. Kd2 g4 35. g3 1-0

[Event "Znojemska rotunda 2003"]
[Site "?"]
[Date "????.??.??"]
[Round "6"]
[White "Holemar, David"]
[Black "Dvorak, Libor"]
[Result "1-0"]
[WhiteElo "2311"]
[BlackElo "2074"]
[PlyCount "125"]

1. e4 c5 2. Nf3 d6 3. d4 cxd4 4. Nxd4 Nf6 5. Nc3 g6 6. Bc4 Bg7 7. O-O O-O 8.
Re1 Nc6 9. Bb3 Ng4 10. Nxc6 bxc6 11. h3 Ne5 12. Bg5 Be6 13. Qd2 Nc4 14. Bxc4
Bxc4 15. Bh6 Bxh6 16. Qxh6 e5 17. Rad1 Qe7 18. b3 Ba6 19. Re3 f5 20. h4 f4 21.
Rh3 Bc8 22. Rhd3 Rf6 23. Qg5 Qf8 24. h5 h6 25. Qh4 g5 26. Qh2 Ba6 27. R3d2 Rd8
28. Na4 Bc8 29. c4 Re8 30. f3 Kg7 31. Kf2 Qe7 32. Kf1 Ba6 33. Nc5 Bc8 34. Nd3
d5 35. cxd5 cxd5 36. exd5 e4 37. fxe4 f3 38. e5 fxg2+ 39. Kxg2 Rf5 40. Rf1 Rxf1
41. Kxf1 Ba6 42. Kg1 Bxd3 43. Rxd3 Qb4 44. Qc2 Qe1+ 45. Kh2 Qxe5+ 46. Rg3 Qe4
47. Qxe4 Rxe4 48. Rd3 Re7 49. d6 Rd7 50. Rc3 Rxd6 51. Rc7+ Kg8 52. Rxa7 Kf8 53.
b4 Ke8 54. b5 Kd8 55. a4 Kc8 56. a5 Kb8 57. b6 Rf6 58. Kg3 Kc8 59. Rc7+ Kb8 60.
Rg7 Rc6 61. Kf3 Rc3+ 62. Ke4 Ra3 63. Kd5 1-0

[Event "Znojemska rotunda 2003"]
[Site "?"]
[Date "????.??.??"]
[Round "6"]
[White "Talpa, Pavel"]
[Black "Adam, Petr sr"]
[Result "0-1"]
[WhiteElo "1870"]
[BlackElo "2086"]
[PlyCount "74"]

1. Nf3 g6 2. g3 Bg7 3. Bg2 Nf6 4. O-O O-O 5. d3 d6 6. e4 c5 7. Re1 Nc6 8. h3
Rb8 9. c4 b5 10. Nc3 b4 11. Ne2 Nd7 12. Rb1 a5 13. b3 Nd4 14. Nfxd4 cxd4 15. f4
Nc5 16. g4 f5 17. exf5 gxf5 18. g5 e5 19. Ng3 Qc7 20. Nh5 Bh8 21. Bd5+ Be6 22.
Bxe6+ Nxe6 23. Qf3 Nc5 24. fxe5 dxe5 25. Qd5+ Rf7 26. Nf6+ Bxf6 27. gxf6 Nxd3
28. Re2 Kh8 29. Bg5 Rg8 30. Rg2 Qb7 31. Qxb7 Rxb7 32. Bh6 Rxg2+ 33. Kxg2 Kg8
34. Rf1 f4 35. Kf3 Nc5 36. Re1 e4+ 37. Kg4 f3 0-1

[Event "Znojemska rotunda 2003"]
[Site "?"]
[Date "????.??.??"]
[Round "6"]
[White "Kireev, Aleksei"]
[Black "Jurica, Peter"]
[Result "1/2-1/2"]
[WhiteElo "2276"]
[BlackElo "2163"]
[PlyCount "112"]

1. d4 g6 2. e4 Bg7 3. Nc3 c6 4. f4 d5 5. e5 h5 6. Nf3 Nh6 7. Be3 Qb6 8. Na4 Qc7
9. Be2 b6 10. O-O Bg4 11. Qd2 Nd7 12. b3 O-O 13. c4 dxc4 14. bxc4 Rfd8 15. h3
Bf5 16. Qb2 Nf8 17. Rac1 Qb7 18. Rfd1 Rd7 19. Qb3 Rad8 20. Nc3 Be6 21. Bf2 b5
22. d5 cxd5 23. c5 Qc8 24. Nxb5 d4 25. Qa3 d3 26. Bxd3 Bf5 27. Be2 Rxd1+ 28.
Bxd1 Rd3 29. Qxa7 Bxh3 30. gxh3 Qxh3 31. Qa8 Qg4+ 32. Kf1 Qxf4 33. Rb1 Ng4 34.
Be2 Rd2 35. Nc3 Bxe5 36. Nd5 Nh2+ 37. Nxh2 Qxh2 38. Nxe7+ Kg7 39. Qf3 Ne6 40.
Nc6 Bf6 41. Re1 Rxa2 42. Be3 Bh4 43. Bg1 Qf4 44. Qxf4 Nxf4 45. Bc4 Rc2 46. Bb3
Rd2 47. Rd1 Rxd1+ 48. Bxd1 Bg3 49. Nd4 f5 50. c6 Nd5 51. Bf3 Nc7 52. Kg2 Be5
53. Be2 Kf6 54. Nb5 Nxb5 55. Bxb5 Bc7 56. Bc4 g5 1/2-1/2

[Event "Znojemska rotunda 2003"]
[Site "?"]
[Date "????.??.??"]
[Round "6"]
[White "Most, Zdenek"]
[Black "Svihel, Karel"]
[Result "1/2-1/2"]
[WhiteElo "2089"]
[BlackElo "2136"]
[Annotator "Roesner"]
[PlyCount "161"]

1. e4 Nf6 2. d3 e5 3. c3 d5 4. Nd2 c5 5. Ngf3 Nc6 6. Be2 Be7 7. O-O O-O 8. Re1
Re8 9. Qc2 Bf8 10. a4 h6 11. Bf1 d4 12. h3 Be6 13. Nc4 Qc7 14. cxd4 Nxd4 15.
Nxd4 cxd4 16. b3 b6 17. Qd1 {(=)} 17... Nd7 18. Qf3 Bb4 19. Rd1 a6 20. Qg3 Kh7
21. f4 f6 22. fxe5 fxe5 23. Bd2 Bxd2 24. Nxd2 Rac8 25. Be2 Nf6 26. Rab1 Qb8 27.
Nc4 b5 28. axb5 axb5 29. Nd2 Rc2 30. Bg4 Bf7 31. Nf3 b4 32. Nh4 Nxg4 33. Qxg4
Qd6 34. Rf1 Qe6 35. Qg3 Rec8 36. Ra1 R8c7 37. Rf5 Rc1+ 38. Rxc1 Rxc1+ 39. Kh2
Rc5 40. Nf3 g6 41. Rxe5 Rxe5 42. Qxe5 Qxb3 43. Qxd4 Qc3 44. Qxc3 bxc3 45. Nd4
Be8 46. Ne2 Bb5 47. Nc1 Kg7 48. Kg3 Kf6 49. Kf4 g5+ 50. Ke3 Ke5 51. Ne2 c2 52.
Kd2 Ba4 53. Kc1 h5 54. Kd2 Bb3 55. Kc3 Ba4 56. Kd2 h4 57. Ke3 Bb5 58. Nc1 Ba4
59. d4+ Ke6 60. d5+ Ke5 61. Nd3+ Kd6 62. Kd2 Bb3 63. Kc3 Ba4 64. Kb2 Bd7 65.
Kxc2 g4 66. hxg4 Bxg4 67. Nf2 Be2 68. Nd1 Bf1 69. Ne3 Bxg2 70. Nxg2 h3 71. Nh4
h2 72. Nf5+ Ke5 73. Ng3 Kf4 74. Nh1 Kxe4 75. d6 Kf3 76. d7 Kg2 77. d8=Q Kxh1
78. Qd1+ $2 (78. Kd2 $1 78... Kg1 79. Qg5+ Kh1 (79... Kf2 80. Qh4+ Kg2 81. Qg4+
Kf2 82. Qh3 Kg1 83. Qg3+ Kh1 84. Qf3+ Kg1 85. Ke2 h1=N 86. Qh3 Nf2 87. Qg3+ Kh1
88. Kf1 $18) 80. Qf4 Kg2 81. Qg4+ Kh1 82. Qf3+ Kg1 83. Ke2 h1=Q 84. Qf2#) 78...
Kg2 79. Qg4+ Kf2 80. Qe4 Kg1 81. Qe1+ 1/2-1/2

[Event "Znojemska rotunda 2003"]
[Site "?"]
[Date "????.??.??"]
[Round "6"]
[White "Majer, Jiri"]
[Black "Havel, Vojtech"]
[Result "0-1"]
[WhiteElo "1572"]
[BlackElo "1364"]
[PlyCount "122"]

1. c4 e5 2. Nc3 Nc6 3. Nf3 Bc5 4. g3 Nf6 5. d3 O-O 6. Bg2 d6 7. Qc2 Be6 8. Ng5
Bd7 9. O-O h6 10. Nge4 Bb6 11. Nxf6+ Qxf6 12. Nd5 Qg6 13. b4 Rfe8 14. e3 Bf5
15. Rd1 Rab8 16. b5 Ne7 17. Nxb6 axb6 18. Qc3 c6 19. a4 Qe6 20. Bb2 f6 21. a5
bxa5 22. Rxa5 Rec8 23. b6 d5 24. e4 Bg6 25. exd5 cxd5 26. Rxd5 Nxd5 27. Qa5
Nxb6 28. Qa7 Rd8 29. Rb1 Bxd3 30. Rd1 Rbc8 31. c5 Nc4 32. Qa2 Kh8 33. Bxb7 Rb8
34. c6 Qe7 35. Rxd3 Rxd3 36. Qxc4 Rd1+ 37. Kg2 Qc7 38. Bc3 Rdd8 39. Ba5 Qxa5
40. c7 Qb6 41. Be4 Rbc8 42. cxd8=Q+ Qxd8 43. Qf7 Qe8 44. Qb3 g6 45. g4 Qg8 46.
Bd5 Qf8 47. Be6 Rd8 48. Qc2 Qg7 49. Qc3 h5 50. h3 Re8 51. Qc6 Rf8 52. Kg3 Qh6
53. Qa4 f5 54. f3 Qg5 55. Bf7 Rd8 56. Qc6 Kh7 57. Qc7 Kh6 58. Qxe5 Rf8 59. h4
f4+ 60. Kh3 Qxe5 61. g5+ Kg7 0-1

[Event "Znojemska rotunda 2003"]
[Site "?"]
[Date "????.??.??"]
[Round "6"]
[White "Kulovany, Radomir"]
[Black "Kosik, Jaroslav"]
[Result "1-0"]
[WhiteElo "1483"]
[BlackElo "1422"]
[PlyCount "125"]

1. e4 e5 2. Nf3 d6 3. d4 exd4 4. Nxd4 Nf6 5. Nc3 Bd7 6. Bd3 Nc6 7. Nxc6 Bxc6 8.
O-O Be7 9. Re1 O-O 10. Bf4 Re8 11. b4 b6 12. a4 a5 13. b5 Bb7 14. Bc4 Nd7 15.
Nd5 Bf6 16. Ra3 Ne5 17. Ba2 c6 18. Nxf6+ Qxf6 19. Bg3 cxb5 20. axb5 Rac8 21. f3
Red8 22. Qe2 Qe7 23. Ra4 Kh8 24. Rd1 Rd7 25. Rad4 Qf6 26. Bd5 Bxd5 27. Rxd5 Nc4
28. e5 Qe6 29. Qe4 f5 30. Qd4 h6 31. exd6 Qe3+ 32. Kf1 Qxd4 33. R5xd4 Ne3+ 34.
Ke2 Nxd1 35. Kxd1 Kg8 36. Be5 Kf7 37. Kd2 Rcd8 38. Kd3 g6 39. g3 Ke6 40. f4 Ra8
41. Kc3 g5 42. Kb3 g4 43. c3 Rc8 44. c4 Rc5 45. Ka3 h5 46. Ka4 Rxe5 47. fxe5
Kxe5 48. Rd5+ Ke6 49. Rd2 Rxd6 50. Re2+ Kf6 51. c5 Rd4+ 52. Ka3 bxc5 53. Rb2
Rd7 54. b6 Rb7 55. Ka4 55... Ke6 $2 (55... Kg5 $1 $11) 56. Kxa5 Kd6 57. Kb5 Kd7
58. Kxc5 Kd8 59. Kc6 Kc8 60. Re2 Rxb6+ 61. Kxb6 Kd7 62. Re5 f4 63. gxf4 1-0

[Event "Znojemska rotunda 2003"]
[Site "?"]
[Date "????.??.??"]
[Round "6"]
[White "Skaroupka, Jiri"]
[Black "Vlk, Miroslav"]
[Result "1/2-1/2"]
[WhiteElo "2105"]
[BlackElo "2055"]
[PlyCount "93"]

1. d4 d5 2. c4 e6 3. Nc3 Nf6 4. cxd5 exd5 5. Bg5 Be7 6. Qc2 O-O 7. e3 Nbd7 8.
Bd3 b6 9. Nf3 c5 10. Ne5 Bb7 11. Nxd7 Nxd7 12. Bxe7 Qxe7 13. O-O Nf6 14. dxc5
bxc5 15. Rfd1 Rac8 16. Bf5 Rb8 17. Rac1 g6 18. Bh3 Rfd8 19. Ne2 Bc8 20. Bxc8
Rbxc8 21. Qd3 Qe5 22. Rc2 Ng4 23. Ng3 h5 24. h3 Nf6 25. Qa3 h4 26. Ne2 Ne4 27.
Nc3 Nxc3 28. Rxc3 Rb8 29. Rxc5 Qxb2 30. Qxb2 Rxb2 31. Ra5 Rd7 32. Rd4 Rb1+ 33.
Kh2 Rb2 34. Kg1 Rb1+ 35. Kh2 Rb2 36. Rxh4 Rxf2 37. Kg3 Rc2 38. Rha4 Rc3 39. Kf4
Re7 40. Rxd5 Rcxe3 41. Rda5 Re2 42. g3 Rf2+ 43. Kg4 Re3 44. Kh4 Rff3 45. Rg4
Ra3 46. Rga4 Rae3 47. Rg4 1/2-1/2

[Event "Znojemska rotunda 2003"]
[Site "?"]
[Date "????.??.??"]
[Round "6"]
[White "Dolezal, Rudolf"]
[Black "Kulovana, Eva"]
[Result "1/2-1/2"]
[WhiteElo "1768"]
[BlackElo "2039"]
[PlyCount "107"]

1. e4 e5 2. Nf3 Nc6 3. Bb5 Nd4 4. Nxd4 exd4 5. O-O c6 6. Be2 Nf6 7. d3 Bc5 8.
c3 d5 9. exd5 Nxd5 10. Bg4 O-O 11. Bxc8 Rxc8 12. c4 Nc7 13. Bf4 Ne6 14. Bg3 f5
15. Be5 Bd6 16. Re1 Qc7 17. Bxd6 Qxd6 18. Nd2 Rce8 19. Nf3 Re7 20. Qd2 Rfe8 21.
b4 c5 22. bxc5 Nxc5 23. Rxe7 Rxe7 24. Re1 Kf7 25. Rxe7+ Kxe7 26. Qg5+ Qf6 27.
Qxf6+ Kxf6 28. Nxd4 Nxd3 29. f4 Nxf4 30. Nb5 a6 31. Nd6 b6 32. Nc8 b5 33. cxb5
axb5 34. Na7 b4 35. Kf1 Nd5 36. Nc6 Ke6 37. Kf2 Kd6 38. Nd4 Ke5 39. Nb5 g5 40.
a4 b3 41. a5 b2 42. Na3 Kd4 43. a6 Kc3 44. a7 Nb6 45. Ke3 Na8 46. Nb1+ Kc2 47.
Na3+ Kc1 48. Kd4 f4 49. Ke4 Kd1 50. h4 gxh4 51. Kxf4 Ke2 52. Kg4 Kf2 53. Kxh4
Kxg2 54. Kh5 1/2-1/2

[Event "Znojemska rotunda 2003"]
[Site "?"]
[Date "????.??.??"]
[Round "6"]
[White "Docekal, Jan"]
[Black "Blazek, Milos"]
[Result "1/2-1/2"]
[WhiteElo "2016"]
[BlackElo "2090"]
[PlyCount "84"]

1. e4 e5 2. Nc3 Nf6 3. Bc4 Bc5 4. d3 Nc6 5. Bg5 h6 6. Bh4 g5 7. Bg3 d6 8. h4
Rg8 9. hxg5 hxg5 10. Qd2 Nd4 11. Nge2 Qe7 12. Rh6 Be6 13. Nxd4 Bxd4 14. Bxe6
fxe6 15. Nb5 Bb6 16. O-O-O O-O-O 17. Rdh1 Ng4 18. Rh7 Rg7 19. Rxg7 Qxg7 20. Rh5
Rg8 (20... Rh8 $1 {(Blazek)}) 21. a4 a6 22. a5 Bxf2 23. Nxd6+ cxd6 24. Bxf2 Qf7
25. Rxg5 Rxg5 26. Qxg5 Nxf2 27. Kb1 Nd1 28. Qd2 Qf1 29. Ka2 Qg1 30. Qh6 Qc5 31.
Qxe6+ Kb8 32. Kb1 Ka7 33. g4 Qb4 34. Kc1 Qe1 35. b3 Ne3+ 36. Kb2 Qd2 37. Qc8
Nd1+ 38. Kb1 Qe1 39. Qc7 Qb4 40. g5 Nc3+ 41. Kb2 Na4+ 42. Kb1 Nc3+ 1/2-1/2

[Event "Znojemska rotunda 2003"]
[Site "?"]
[Date "????.??.??"]
[Round "6"]
[White "Divis, Jan"]
[Black "Spilka, Jaroslav"]
[Result "1-0"]
[WhiteElo "1681"]
[BlackElo "1388"]
[PlyCount "109"]

1. d4 Nf6 2. c4 e6 3. Nc3 c6 4. Nf3 h6 5. a3 Qa5 6. Qc2 d5 7. c5 Nbd7 8. b4 Qd8
9. e3 g5 10. h3 Bg7 11. g4 b6 12. Rb1 b5 13. a4 a6 14. axb5 axb5 15. Rb2 Bb7
16. Ra2 O-O 17. Bd3 Re8 18. Rxa8 Qxa8 19. Ne5 Qd8 20. f4 Nxe5 21. fxe5 Nd7 22.
Qf2 Qa8 23. h4 Qa1 24. Qc2 Kf8 25. hxg5 hxg5 26. Rh5 f6 27. Bg6 Re7 28. Kd1
fxe5 29. Qf2+ Nf6 30. dxe5 Qxc3 31. exf6 Qxf6 32. Qxf6+ Bxf6 33. Ke2 Kg7 34.
Bc2 Kf8 35. e4 e5 36. Bxg5 Bxg5 37. Rxg5 d4 38. Kd3 Kf7 39. Bd1 Bc8 40. Be2 Kf6
41. Rg8 Be6 42. g5+ Kf7 43. Rd8 Kg6 44. Rd6 Kxg5 45. Rxc6 Kf4 46. Kd2 Kxe4 47.
Bxb5 Kf4 48. Rd6 Bf5 49. Be2 Rh7 50. c6 Rh2 51. c7 Bg4 52. Rf6+ Ke4 53. Rg6
Rxe2+ 54. Kd1 Bc8 55. Kxe2 1-0

[Event "Znojemska rotunda 2003"]
[Site "?"]
[Date "????.??.??"]
[Round "6"]
[White "Petlak, Josef"]
[Black "Trmac, Radek"]
[Result "1-0"]
[WhiteElo "1923"]
[BlackElo "1663"]
[PlyCount "133"]

1. Nf3 Nf6 2. g3 g6 3. Bg2 Bg7 4. O-O O-O 5. d4 d5 6. c3 c6 7. Re1 Bg4 8. Nbd2
Bxf3 9. Nxf3 Qb6 10. Nd2 Nbd7 11. e4 dxe4 12. Nxe4 Nxe4 13. Rxe4 e6 14. Qc2 Nf6
15. Re2 Rfe8 16. Bg5 h6 17. Bd2 Nd5 18. Rae1 Nf6 19. Qc1 Kh7 20. Qc2 Kg8 21. h4
h5 22. Bg5 Ng4 23. Bh3 Nf6 24. Qc1 Qc7 25. Kg2 Nh7 26. Bf4 Qe7 27. Qc2 Qf8 28.
Qb3 Qe7 29. Kg1 Rad8 30. Bg2 Nf6 31. Bg5 Qd7 32. Qa4 Ra8 33. Bf3 a6 34. Qc2
Rac8 35. a4 35... a5 {(=)} 36. Qb3 Kf8 37. Qb6 Qc7 38. Qc5+ Kg8 39. Qc4 Nd5 40.
Qd3 Kf8 41. Qd2 Bf6 42. Bxf6 Nxf6 43. Qg5 Kg7 44. Re5 b6 45. Kg2 Rh8 46. Bd1
Nh7 47. Qd2 Nf6 48. Bf3 Rce8 49. Qd3 Rc8 50. Qc4 Nd5 51. Qd3 Nf6 52. Rg5 Qd7
53. Qc2 53... Rcd8 {(=)} 54. Rd1 Qc7 55. b4 Nd5 56. bxa5 bxa5 57. c4 Nf6 58.
Qc3 Ra8 59. Rc5 Ra6 60. d5 Qe7 61. d6 Qd8 62. Rxc6 Rxc6 63. Bxc6 Kh7 64. Bf3
Nd7 65. c5 g5 66. c6 gxh4 67. Rh1 1-0

[Event "Znojemska rotunda 2003"]
[Site "?"]
[Date "????.??.??"]
[Round "6"]
[White "Ruzickova, Radka"]
[Black "Voborny, David"]
[Result "1/2-1/2"]
[WhiteElo "1839"]
[BlackElo "1729"]
[PlyCount "85"]

1. e4 d5 2. exd5 Qxd5 3. Nc3 Qd8 4. g3 Nf6 5. Bg2 c6 6. Nf3 Bg4 7. O-O e6 8. d3
Bd6 9. Re1 O-O 10. Qe2 Nbd7 11. Ne4 Nxe4 12. Qxe4 Nf6 13. Qc4 Qa5 14. Bd2 Qh5
15. Ng5 h6 16. Ne4 Nxe4 17. Rxe4 Bf3 18. Rh4 Qd5 19. Bxf3 Qxf3 20. Qd4 Be7 21.
Rf4 Qd5 22. Qxd5 cxd5 23. Bc3 g5 24. Rf3 Rfd8 25. d4 Rac8 26. Rc1 b5 27. Bd2
Rc4 28. c3 Rdc8 29. a3 a5 30. Ra1 R8c7 31. h4 b4 32. axb4 axb4 33. hxg5 Bxg5
34. Be1 Be7 35. Bd2 Kg7 36. Bf4 Rb7 37. Bd2 Kg6 38. Kg2 bxc3 39. Bxc3 Bb4 40.
Rd1 Bxc3 41. bxc3 Rb3 42. Rdd3 Ra4 43. Rd2 1/2-1/2

[Event "Znojemska rotunda 2003"]
[Site "?"]
[Date "????.??.??"]
[Round "6"]
[White "Mlensky, Dalibor"]
[Black "Kubicek, Pavel"]
[Result "1-0"]
[WhiteElo "2085"]
[BlackElo "1821"]
[PlyCount "79"]

1. c4 e5 2. Nc3 f5 3. g3 Nf6 4. Bg2 Nc6 5. e3 d6 6. d4 Bd7 7. Nge2 Be7 8. b3
O-O 9. Bb2 Qe8 10. Nd5 Bd8 11. O-O Ng4 12. h3 Nf6 13. Nec3 e4 14. f4 Nh5 15.
Kh2 Qg6 16. Qe1 Ne7 17. Rg1 Nxd5 18. Nxd5 c6 19. Nc3 Qh6 20. Bf1 Nf6 21. Kg2 d5
22. Ba3 Re8 23. Bd6 dxc4 24. bxc4 Ba5 25. Be5 Nh5 26. Be2 Nf6 27. Qc1 c5 28.
Nd1 cxd4 29. exd4 Rac8 30. Qa3 Bb6 31. c5 Rxe5 32. fxe5 f4 33. gxf4 e3 34. Qxe3
Nd5 35. Bc4 Bc6 36. Nc3 Qe6 37. Kh2 Bd8 38. Bxd5 Bxd5 39. Nxd5 Qxd5 40. Qb3 1-0

[Event "Znojemska rotunda 2003"]
[Site "?"]
[Date "????.??.??"]
[Round "6"]
[White "Galvanek, Ladislav"]
[Black "Doxansky, Josef"]
[Result "1-0"]
[WhiteElo "2067"]
[BlackElo "1826"]
[PlyCount "85"]

1. d4 d5 2. c4 e6 3. Nc3 Nf6 4. Bg5 Be7 5. e3 Nbd7 6. Nf3 O-O 7. Qc2 c6 8. Rd1
Re8 9. a3 h6 10. Bh4 dxc4 11. Bxc4 Nd5 12. Bg3 N7f6 13. Ne2 Nh5 14. O-O Nxg3
15. hxg3 b6 16. e4 Nf6 17. Rfe1 Bb7 18. Nf4 Qc7 19. Ba2 Nh7 20. d5 e5 21. Ng6
Bf6 22. d6 Qd7 23. Qc3 Ng5 24. Nfxe5 Rxe5 25. Nxe5 Qe8 26. f4 Ne6 27. Bxe6 Qxe6
28. Qc4 b5 29. Qxe6 fxe6 30. Nd3 Bd4+ 31. Kh2 c5 32. b4 Bc3 33. Nxc5 Bc6 34.
Re2 a5 35. d7 Rd8 36. Nxe6 Rxd7 37. Rxd7 Bxd7 38. Nc5 Bg4 39. bxa5 Bxe2 40. a6
Bd4 41. a7 Bxc5 42. a8=Q+ Kh7 43. e5 1-0

[Event "Znojemska rotunda 2003"]
[Site "?"]
[Date "????.??.??"]
[Round "6"]
[White "Svoboda, Jiri"]
[Black "Prokopec, Zdenek"]
[Result "1-0"]
[WhiteElo "1825"]
[BlackElo "1680"]
[PlyCount "59"]

1. Nf3 d5 2. c4 e6 3. g3 Nf6 4. Bg2 Be7 5. d4 O-O 6. Nc3 c6 7. Qc2 Nbd7 8. O-O
Qc7 9. Bf4 Bd6 10. Bxd6 Qxd6 11. e4 dxe4 12. Nxe4 Nxe4 13. Qxe4 Nf6 14. Qc2 c5
15. Rfd1 Bd7 16. Ng5 cxd4 17. c5 Qc7 18. Rxd4 h6 19. Ne4 Nxe4 20. Bxe4 Bc6 21.
b4 Rfd8 22. Rad1 Rxd4 23. Rxd4 Rd8 24. Rxd8+ Qxd8 25. Bxc6 bxc6 26. Qc4 Qd1+
27. Kg2 Qd5+ 28. Qxd5 exd5 29. b5 Kf8 30. b6 1-0

[Event "Znojemska rotunda 2003"]
[Site "?"]
[Date "????.??.??"]
[Round "6"]
[White "Stanek, Karel"]
[Black "Rulfova, Zuzana"]
[Result "1-0"]
[WhiteElo "1629"]
[BlackElo "1371"]
[PlyCount "49"]

1. e4 e5 2. Nf3 Nc6 3. Bb5 d6 4. d4 exd4 5. Nxd4 Bd7 6. Nxc6 Bxc6 7. Bxc6+ bxc6
8. O-O Be7 9. Nc3 Nf6 10. Bf4 O-O 11. Re1 Nd7 12. Qd3 Bf6 13. Rad1 Ne5 14. Bxe5
Bxe5 15. Qe3 Qf6 16. Rd3 a6 17. Qf3 Qg6 18. b3 f5 19. exf5 Qxf5 20. Ree3 Qd7
21. Qe2 Bf6 22. Ne4 Qf7 23. Rf3 Rae8 24. Rde3 Qg6 25. Nxf6+ 1-0

[Event "Znojemska rotunda 2003"]
[Site "?"]
[Date "????.??.??"]
[Round "6"]
[White "Antos, Jakub"]
[Black "Komprda, Pavel"]
[Result "0-1"]
[WhiteElo "1751"]
[BlackElo "2055"]
[PlyCount "60"]

1. e4 c5 2. Nf3 Nc6 3. d4 cxd4 4. Nxd4 Nf6 5. Nc3 e5 6. Ndb5 d6 7. Nd5 Nxd5 8.
exd5 Nb8 9. c4 a6 10. Nc3 f5 11. Qc2 Be7 12. Be3 Bg5 13. Bxg5 Qxg5 14. h4 Qh6
15. Na4 Nd7 16. Qxf5 Nc5 17. Qc2 Nxa4 18. Qxa4+ Bd7 19. Qc2 O-O 20. Be2 Bf5 21.
Qd2 Qf6 22. Qg5 Qf7 23. O-O h6 24. Qg3 Qe7 25. Rfe1 Rf6 26. h5 Raf8 27. b4 Bd7
28. Bf3 Rf5 29. Re3 Rg5 30. Qh4 Rxg2+ 0-1

[Event "Znojemska rotunda 2003"]
[Site "?"]
[Date "????.??.??"]
[Round "6"]
[White "Stanek, Petr"]
[Black "Dobes, Oldrich"]
[Result "1/2-1/2"]
[WhiteElo "1780"]
[BlackElo "2041"]
[PlyCount "25"]

1. Nf3 Nf6 2. g3 b6 3. Bg2 Bb7 4. b4 g6 5. Bb2 Bg7 6. O-O O-O 7. c4 c5 8. b5 d6
9. d3 Nbd7 10. Nbd2 Qc7 11. a4 a5 12. Qc2 e5 13. Nh4 1/2-1/2

[Event "Znojemska rotunda 2003"]
[Site "?"]
[Date "????.??.??"]
[Round "7"]
[White "Jurica, Peter"]
[Black "Most, Zdenek"]
[Result "1-0"]
[WhiteElo "2163"]
[BlackElo "2089"]
[PlyCount "49"]

1. Nf3 Nf6 2. d4 g6 3. g3 Bg7 4. Bg2 O-O 5. O-O d5 6. c4 dxc4 7. Na3 Na6 8.
Nxc4 c5 9. b3 Be6 10. Bb2 Bd5 11. e3 cxd4 12. Bxd4 Nb4 13. Qe2 Nc6 14. Bb2 Qc8
15. Rac1 Rd8 16. Rfd1 Bxc4 17. Rxd8+ Qxd8 18. Qxc4 Qd5 19. Nd4 Qxc4 20. Rxc4
Nd8 21. Rc7 e5 22. Nb5 Ne8 23. Re7 Ne6 24. Rxb7 a5 25. Rxf7 1-0

[Event "Znojemska rotunda 2003"]
[Site "?"]
[Date "????.??.??"]
[Round "7"]
[White "Adam, Petr"]
[Black "Petlak, Josef"]
[Result "1-0"]
[WhiteElo "2086"]
[BlackElo "1923"]
[PlyCount "85"]

1. c4 Nf6 2. Nc3 d5 3. cxd5 Nxd5 4. g3 Nxc3 5. bxc3 g6 6. Bg2 Bg7 7. Rb1 c6 8.
h4 h5 9. Nf3 Nd7 10. c4 Qa5 11. Qc2 Nf6 12. O-O Ne4 13. d3 Nd6 14. Bg5 f6 15.
Bd2 Qc7 16. c5 Nf7 17. d4 f5 18. Bf4 e5 19. dxe5 Nxe5 20. Nxe5 Bxe5 21. Qb2
Bxb2 22. Bxc7 Bf6 23. e4 fxe4 24. Bxe4 Kf7 25. Bd6 Re8 26. f3 g5 27. hxg5 Bxg5
28. Kg2 h4 29. g4 Bf6 30. Rfe1 Kg7 31. f4 Rxe4 32. Rxe4 Bxg4 33. Rxb7+ Kg6 34.
Rb8 Rxb8 35. Bxb8 a6 36. Be5 Be6 37. Rd4 h3+ 38. Kh2 Bxe5 39. fxe5 Kf5 40. Rd6
Bxa2 41. Rxc6 Be6 42. Rxa6 Kxe5 43. Rd6 1-0

[Event "Znojemska rotunda 2003"]
[Site "?"]
[Date "????.??.??"]
[Round "7"]
[White "Dvorak, Libor"]
[Black "Skaroupka, Jiri"]
[Result "0-1"]
[WhiteElo "2074"]
[BlackElo "2105"]
[PlyCount "60"]

1. Nf3 d5 2. c4 c6 3. g3 Bg4 4. Bg2 e6 5. b3 Nd7 6. Bb2 f5 7. O-O Ngf6 8. d3
Bd6 9. Nbd2 O-O 10. Qc2 e5 11. e4 fxe4 12. dxe4 d4 13. c5 Bc7 14. Rae1 Qe7 15.
b4 Rad8 16. h3 Bxf3 17. Nxf3 Nh5 18. Bc1 Ndf6 19. Qd3 Kh8 20. Nh4 Qe6 21. a3 b5
22. Kh2 Qc4 23. Qd2 d3 24. Qg5 Rf7 25. Nf5 Rdf8 26. Bf3 g6 27. Nh6 Rd7 28. Bd1
Nxe4 29. Bb3 Nxg5 30. Bxc4 Nf3+ 0-1

[Event "Znojemska rotunda 2003"]
[Site "?"]
[Date "????.??.??"]
[Round "7"]
[White "Trmac, Radek"]
[Black "Ruzickova, Radka"]
[Result "0-1"]
[WhiteElo "1663"]
[BlackElo "1839"]
[PlyCount "128"]

1. e4 e6 2. d4 d5 3. e5 c5 4. c3 Nc6 5. Nf3 Qb6 6. a3 cxd4 7. cxd4 Nge7 8. b4
Nf5 9. Bb2 Bd7 10. Be2 Rc8 11. O-O Be7 12. g3 a6 13. h4 O-O 14. Re1 f6 15. Kg2
fxe5 16. dxe5 Nh6 17. Bd3 Ng4 18. Qe2 Rf7 19. Nbd2 Rcf8 20. Rf1 Bd8 21. Rac1
Kh8 22. Rc2 g5 23. hxg5 Bxg5 24. Kh3 Bxd2 25. Kxg4 Bh6 26. Nh4 Nd4 27. Bxd4
Qxd4+ 28. Kh3 Bg5 29. Ng2 Ba4 30. Ra2 Bb3 31. Rb2 Bc4 32. Bxc4 dxc4 33. f4 c3
34. Rc2 Bd8 35. Rd1 Qa7 36. Rxc3 b5 37. Rcd3 Bb6 38. Ne3 Bxe3 39. Qxe3 Qb7 40.
Qf3 Qe7 41. Rd6 Rg8 42. Qc6 Rfg7 43. R1d3 Qf7 44. Rf3 Qf5+ 45. Kg2 Rg6 46. Rdd3
Rh6 47. Kf2 Rh1 48. Ke2 Qh3 49. Rf2 Ra1 50. Qc3 Ra2+ 51. Rd2 Rxd2+ 52. Qxd2
Qxg3 53. Qe3 Qxe3+ 54. Kxe3 Rg3+ 55. Rf3 Rxf3+ 56. Kxf3 Kg7 57. f5 exf5 58. Kf4
Kg6 59. e6 Kf6 60. e7 Kxe7 61. Kxf5 Kd6 62. Kg5 Kd5 63. Kh6 Kc4 64. Kxh7 Kb3
0-1

[Event "Znojemska rotunda 2003"]
[Site "?"]
[Date "????.??.??"]
[Round "7"]
[White "Vlk, Miroslav"]
[Black "Galvanek, Ladislav"]
[Result "1-0"]
[WhiteElo "2063"]
[BlackElo "2067"]
[PlyCount "107"]

1. d4 d5 2. c4 e6 3. Nc3 Nf6 4. Bg5 c5 5. Nf3 cxd4 6. Nxd4 e5 7. Nc2 d4 8. Nd5
Be7 9. Nxe7 Qxe7 10. g3 Bd7 11. Bg2 Bc6 12. O-O Bxg2 13. Kxg2 O-O 14. e3 dxe3
15. Nxe3 Qe6 16. Bxf6 Qxf6 17. Nd5 Qc6 18. Kg1 Re8 19. Qg4 Nd7 20. Rad1 Rad8
21. Rd2 Kf8 22. Rfd1 Nc5 23. Qh5 Qg6 24. Qxg6 hxg6 25. b4 Ne6 26. Nc7 Rxd2 27.
Nxe6+ Rxe6 28. Rxd2 Ke7 29. Kf1 f5 30. Rd5 e4 31. a4 b6 32. Ke2 Rc6 33. Rd4 g5
34. Ke3 Ke6 35. h4 gxh4 36. gxh4 Ke5 37. Rd5+ Ke6 38. Kd4 Kf6 39. Rd7 a6 40.
Kd5 Re6 41. c5 bxc5 42. bxc5 f4 43. c6 e3 44. c7 Re8 45. fxe3 fxe3 46. Rd8 Re5+
47. Kc6 Re6+ 48. Kd5 Re5+ 49. Kd4 e2 50. c8=Q e1=Q 51. Rf8+ Kg6 52. Qc2+ Kh5
53. Qh7+ Kg4 54. Qxg7+ 1-0